Movies Quiz

Random Movies or Role Quiz

Movie by Actor Role Quiz Stats

 Plays Quiz Updated Oct 6, 2016

Support Sporcle.
Go Orange.
Score 0/36 Timer 08:00
0 Plays Today
Actor Movie % Correct
Jack NicholsonBatman
94.3%
Leonardo DiCaprioTitanic
89.9%
Al PacinoThe Godfather
89.8%
Johnny DeppPirates of the Caribbean: The Curse of the Black Pearl
88.4%
Johnny DeppCharlie and the Chocolate Factory
87.9%
Tom CruiseMission: Impossible
82.6%
Al PacinoScarface
81.7%
Brad PittTroy
81.5%
Jim CarreyDumb and Dumber
81.4%
Brad PittFight Club
81.2%
Leonardo DiCaprioCatch Me If You Can
77.3%
Jack NicholsonThe Shining
75.3%
Leonardo DiCaprioThe Aviator
74%
Robert De NiroTaxi Driver
71.8%
Robert De NiroRaging Bull
70.8%
Brad PittInglourious Basterds
63.8%
Kevin CostnerThe Untouchables
60%
Robert De NiroGoodfellas
59.3%
Actor Movie % Correct
Jim CarreyThe Mask
59.1%
Jack NicholsonThe Departed
58.9%
Jim CarreyMan on the Moon
57.3%
Brad PittMoneyball
56.5%
Jack NicholsonOne Flew Over the Cuckoo's Nest
56.5%
Kevin CostnerWaterworld
55.1%
Robert De NiroMeet the Parents
53.2%
Kevin CostnerDances with Wolves
52.3%
Tom CruiseInterview with the Vampire
51.7%
Jim CarreyLiar Liar
51.3%
Tom CruiseRain Man
50.5%
Al PacinoScent of a Woman
43.5%
Leonardo DiCaprioInception
41.5%
Johnny DeppFinding Neverland
40.2%
Johnny DeppPublic Enemies
39%
Tom CruiseBorn on the Fourth of July
34.5%
Al PacinoDog Day Afternoon
29.8%
Kevin CostnerThe Bodyguard
20.5%

You're not logged in!

Compare scores with friends on all Sporcle quizzes.
OR
Log In
Forgot?

From the Vault

Corporate Logos III

by Matt

The Sporcle globe isn't included, but don't worry it's right there at the top of the page.
Remove Ads.
Support Sporcle.
Get the best of Sporcle when you Go Orange. This ad-free experience offers more features, more stats, and more fun while also helping to support Sporcle. Thank you for becoming a member.

Show Comments

Extras

Top Quizzes Today


Score Distribution

Your Account Isn't Verified!

In order to create a playlist on Sporcle, you need to verify the email address you used during registration. Go to your Sporcle Settings to finish the process.

Report this User

Report this user for behavior that violates our Community Guidelines.

Details: